| 000 | 00742nam a22002177a 4500 | ||
|---|---|---|---|
| 003 | OSt | ||
| 005 | 20140310182349.0 | ||
| 008 | 130928t xxu||||| |||| 00| 0 eng d | ||
| 020 | _a0471086266 | ||
| 050 |
_aQ 163 _b.S715 1995 |
||
| 082 |
_aGS 500 _bS715 1995 |
||
| 100 |
_aSoucie, Gary _922108 |
||
| 245 |
_aWhat's the difference between : _bLenses and prisms and other scientific things?. _cGary Soucie |
||
| 260 |
_aNew York : _bJohn wilel & son's, Inc, _c1995. |
||
| 300 |
_aviii, 88 p. : _bill. ; _c20.8 cm |
||
| 650 |
_aScience _xMiscellanea _xJuvenile literature _922109 |
||
| 650 |
_aTechnology _xMiscellanea _xJuvenile literature _922110 |
||
| 650 |
_aChildren's questions and answers _921141 |
||
| 942 |
_2lcc _cBK-GS |
||
| 999 |
_c12324 _d12324 |
||